00242pam a2200133 a 4500020000500000041000500005100001800010245002500028250000800053260000900061300000800070653001300078700001700091 c h aK. M. Gokhale aIndustrial Chemistry aIst c1998 a156 aComputer aD.B.Kulkarni